000 00463nam a2200181Ia 4500
001 15500
005 20260306170200.0
008 260306t2015||||xx |||||||||||||| ||und||
041 _aESP
082 _a541.3
_bR75
100 _aRodríguez Esparza, Blanca E.
_eAUT
245 0 _aManual de laboratorio de química para ingenierías
260 _c2015
300 _axiv, 162 páginas :
_c25 cm.
650 _aGEN
654 _aCCN
942 _cLIB
_dJUS
_fJUS
_2ddc
_n
999 _c15500
_d15500